000
00332nam a2200133Ia 4500
008
240624s9999 xx 000 0 und d
041
_a
eng
082
_a
604.20285536 COH
100
_a
COHN DAVID S
245
_a
AUTOCAD 14 THE COMPLETE REFERENCE
260
_c
2000
_a
New Delhi
_b
Tata McGrawhill
300
_a
xxx, : 1089
365
_c
RS
999
_c
594
_d
594